| 000 | 00585nam a22001697a 4500 | ||
|---|---|---|---|
| 999 |
_c30577 _d30577 |
||
| 008 | 191112b ||||| |||| 00| 0 eng d | ||
| 020 | _a9789966007322 | ||
| 050 | _aRA 565 .A38-2016 | ||
| 100 | _aAfubwa,Samuel Obura. | ||
| 245 |
_aEnvironmental health and occupational health and safety / _cSamuel Obura Afubwa and Mutuku Alexander Mwanthi. |
||
| 260 |
_aLangat-Nairobi,Kenya: _bAcrodile publishing Limited. _c2016. |
||
| 300 |
_a455p. : _bill. ; _c28cm. |
||
| 504 | _aInclude index | ||
| 650 | _aEnvironmental health. | ||
| 700 | _aMwanthi, Mutuku Alexander. | ||
| 942 |
_2lcc _cBOOKS |
||